wydobycie surowców na świecie - Statystyki

Ogólne statystyki
  • Ten quiz został rozwiązany 40 razy
  • Średni wynik to 4 z 15
Statystyki odpowiedzi
Nazwa surowca Państwo 1 Państwo 2 Państwo 3 Wydobycie (do rzędu wielkości) % Poprawnych
Złoto Chiny Rosja Australia 3 tys ton
76%
Srebro Meksyk Chiny Peru 25 tys ton
56%
Żelazo Australia Brazylia Chile 1,600 mln ton
53%
Cynk Chiny Peru Australia 15 mln
38%
Platyna Chiny 180 ton
26%
Cyna Chiny Myanmar Indonezja 250 tys ton
24%
Kobalt DRK 100 tys ton
21%
Nikiel Indonezja Filipiny Nowa Kaledonia 3 mln ton
21%
Tytan Chiny Mozambik 8 mln ton
21%
Boksyty Australia Gwinea Chiny 380 mln ton
18%
Mangan RPA Gabon 20 mln ton
18%
Chrom RPA Kazachstan 15 mln ton
15%
Wolfram Chiny Wietnam 100 tys ton
9%
Stal Chiny USA Australia 2000 mln ton
6%
Miedź (czysta) Chile Peru DR Kongo 20 mln
0%
Nie znaleziono quizów pasujących do podanych kryteriów
Rozkład punktacji
Procent ludzi z każdym wynikiem
Percentyl według liczby udzielonych odpowiedzi
Twoja historia wyników
Nie rozwiązałeś tego quizu